An analysis of the questions of seeking "normalization of relations" with the Chinese Communist by the United States / (Record no. 140888)

MARC details
000 -LEADER
campo de control de longitud fija 00599nam a2200169 i 4500
001 - NÚMERO DE CONTROL
campo de control 140888
003 - IDENTIFICADOR DE NÚMERO DE CONTROL
campo de control ES-MaACL
005 - FECHA Y HORA DE LA ÚLTIMA TRANSACCIÓN
campo de control 20230906200155.0
007 - CAMPO FIJO DE DESCRIPCIÓN FÍSICA--INFORMACIÓN GENERAL
campo de control de longitud fija t|
008 - DATOS DE LONGITUD FIJA--INFORMACIÓN GENERAL
campo de control de longitud fija 070918s1977 ch ||||1| eng d
100 1# - ENTRADA PRINCIPAL--NOMBRE DE PERSONA
Nombre de persona Yin, Ching-Yao.
9 (RLIN) 117637
245 10 - MENCIÓN DEL TÍTULO
Título An analysis of the questions of seeking "normalization of relations" with the Chinese Communist by the United States /
Mención de responsabilidad, etc. by Ching-yao Yin.
260 ## - PUBLICACIÓN, DISTRIBUCIÓN, ETC.
Lugar de publicación, distribución, etc. [Taipei] :
Nombre del editor, distribuidor, etc. Asian Peoples' Anti-Communist League,
Fecha de publicación, distribución, etc. 1977.
300 ## - DESCRIPCIÓN FÍSICA
Extensión 65 p. ;
Dimensiones 18 cm.
651 #4 - PUNTO DE ACCESO ADICIONAL DE MATERIA--NOMBRE GEOGRÁFICO
Nombre geográfico Taiwán-
Subdivisión general Política exterior-
Subdivisión cronológica 1945-
9 (RLIN) 9420
852 ## - LOCALIZACIÓN
Ubicación ES-MaACL
Número de control de estantería A-7478
Sublocalización o colección R.96640
Holdings
Estatus retirado Estado de pérdida Estado de daño No para préstamo Biblioteca de origen Biblioteca actual Ubicación en estantería Fecha de adquisición Fuente de adquisición Total de préstamos Signatura topográfica completa Código de barras Visto por última vez Precio de reemplazo Tipo de ítem Koha
        Biblioteca del Ateneo de Madrid Biblioteca del Ateneo de Madrid Sala Pecera Planta 1 17/01/2008     A-7478 1146603 23/02/2023 23/02/2023 Libro impreso